[Event "Leiden SB-ch 1920"]
[Site "Leiden"]
[Date "2019.12.20"]
[Round "3"]
[White "Huizer, Olivier"]
[Black "Binnendijk, Wilfried"]
[Result "0-1"]
[WhiteElo "1729"]
[BlackElo "1860"]
[PlyCount "64"]
[EventDate "2019.11.08"]
[EventType "swiss"]
[EventRounds "7"]
[EventCountry "NED"]
[SourceTitle "EXT 2023"]
[Source "ChessBase"]
[SourceDate "2022.10.05"]
[SourceVersion "1"]
[SourceVersionDate "2022.10.05"]
[SourceQuality "1"]

1. e4 e6 2. Qe2 e5 3. f4 d6 4. Nf3 Nc6 5. d3 Bg4 6. c3 Be7 7. Be3 Qd7 8. g3 0-0-0 9. h3 Bxf3 10. Qxf3 d5 11. Nd2 d4 12. Bf2 f6 13. Nb3 Kb8 14. Rd1 Nh6 15. Bg2 Nf7 16. cxd4 exd4 17. 0-0 g5 18. Rc1 gxf4 19. gxf4 Rhg8 20. Kh1 Rg6 21. Rxc6 bxc6 22. Nxd4 Rdg8 23. e5 Nd8 24. Nxc6+ Qxc6 25. Qxc6 Nxc6 26. Bxc6 fxe5 27. Bd5 Rd8 28. Be4 Rh6 29. fxe5 Rxh3+ 30. Kg2 Rh5 31. Rh1 Rg8+ 32. Bg3 Rxh1 0-1

[Event "Leiden SB-ch 1819"]
[Site "Leiden"]
[Date "2019.04.26"]
[Round "7"]
[White "Van Ketel, Raoul"]
[Black "Huizer, Olivier"]
[Result "1-0"]
[WhiteElo "2231"]
[BlackElo "1818"]
[PlyCount "79"]
[EventDate "2018.10.19"]
[EventType "swiss"]
[EventRounds "9"]
[EventCountry "NED"]
[SourceTitle "EXT 2023"]
[Source "ChessBase"]
[SourceDate "2022.10.05"]
[SourceVersion "1"]
[SourceVersionDate "2022.10.05"]
[SourceQuality "1"]

1. d4 Nf6 2. c4 e6 3. Nc3 Bb4 4. a3 Bxc3+ 5. bxc3 b6 6. f3 Ba6 7. e4 Nc6 8. Bg5 Qc8 9. e5 Ng8 10. Bd3 Na5 11. Qe2 c5 12. Nh3 cxd4 13. Nf2 Bb7 14. 0-0 f6 15. exf6 Nxf6 16. cxd4 Nb3 17. Rae1 Nxd4 18. Qb2 Nc6 19. Bxf6 gxf6 20. Qxf6 Rf8 21. Qh4 Ne7 22. Qh5+ Ng6 23. Bxg6+ hxg6 24. Qxg6+ Kd8 25. Qg5+ Ke8 26. Qh5+ Kd8 27. Qh4+ Kc7 28. Rd1 Bc6 29. Ne4 Bxe4 30. Qxe4 Qa6 31. Qe5+ Kc8 32. Rd3 Qa5 33. Qxa5 bxa5 34. f4 Rb8 35. g3 Kc7 36. Rf2 a4 37. Kg2 Rb3 38. Rfd2 d5 39. cxd5 Rd8 40. Rxb3 1-0

[Event "Leiden SB-ch 1819"]
[Site "Leiden"]
[Date "2018.12.07"]
[Round "3"]
[White "Huizer, Olivier"]
[Black "Ada, Onur"]
[Result "1-0"]
[WhiteElo "1818"]
[BlackElo "1575"]
[PlyCount "83"]
[EventDate "2018.10.19"]
[EventType "swiss"]
[EventRounds "9"]
[EventCountry "NED"]
[SourceTitle "EXT 2023"]
[Source "ChessBase"]
[SourceDate "2022.10.05"]
[SourceVersion "1"]
[SourceVersionDate "2022.10.05"]
[SourceQuality "1"]

1. e4 c5 2. Nc3 g6 3. f4 Bg7 4. Nf3 Nc6 5. Bb5 Nd4 6. 0-0 Nxb5 7. Nxb5 Qb6 8. c4 a6 9. Nc3 e6 10. b3 Ne7 11. Ba3 Qa5 12. Na4 b5 13. Bb2 f6 14. Nxc5 bxc4 15. Na4 Bb7 16. e5 0-0 17. bxc4 Bc6 18. exf6 Bxa4 19. fxg7 Bxd1 20. gxf8Q+ Rxf8 21. Rfxd1 Rxf4 22. Bd4 Nf5 23. Bc3 Qc5+ 24. Kh1 Rxc4 25. Rab1 Qa7 26. Rb3 Rg4 27. Rdb1 Qf2 28. Rb8+ Kf7 29. Ne5+ Ke7 30. Nxg4 Qf4 31. Ne5 Qe4 32. R8b7 Kf6 33. Nxd7+ Kg5 34. Bf6+ Kh5 35. Nc5 Qc6 36. Rxh7+ Nh6 37. d4 g5 38. Be5 Kg6 39. Rg7+ Kf5 40. Rf1+ Kg4 41. Bf6 Qb5 42. Rxg5+ 1-0

[Event "Leiden SB-ch"]
[Site "Leiden"]
[Date "2006.06.20"]
[Round "6"]
[White "Huizer, Olivier"]
[Black "De Groot, Marco"]
[Result "1-0"]
[WhiteElo "1712"]
[BlackElo "1940"]
[PlyCount "45"]
[EventDate "2006.05.16"]
[EventType "swiss"]
[EventRounds "7"]
[EventCountry "NED"]
[SourceTitle "EXT 2012"]
[Source "ChessBase"]
[SourceDate "2011.11.24"]
[SourceVersion "1"]
[SourceVersionDate "2011.11.24"]
[SourceQuality "1"]

1. e4 g6 2. d4 d6 3. f4 Nf6 4. e5 dxe5 5. fxe5 Ng4 6. Bc4 c5 7. Qf3 Qxd4 8. Bxf7+ Kd8 9. Ne2 Qxe5 10. h3 Bh6 11. Nbc3 Ne3 12. Bxe3 Bxe3 13. Nd5 Bh6 14. Rd1 Nd7 15. 0-0 e6 16. Ndf4 Ke7 17. Bxe6 Rf8 18. Bxd7 Bxd7 19. Rxd7+ Ke8 20. Qxb7 Qe3+ 21. Kh1 Rxf4 22. Nxf4 Bxf4 23. Rxh7 1-0

[Event "Leiden SB-chB"]
[Site "Leiden"]
[Date "2004.06.09"]
[Round "6"]
[White "Huizer, Olivier"]
[Black "Lim, Danny"]
[Result "1-0"]
[WhiteElo "1677"]
[BlackElo "1507"]
[PlyCount "83"]
[EventDate "2004.05.19"]
[EventType "swiss"]
[EventRounds "7"]
[EventCountry "NED"]
[SourceTitle "EXT 2012"]
[Source "ChessBase"]
[SourceDate "2011.11.24"]
[SourceVersion "1"]
[SourceVersionDate "2011.11.24"]
[SourceQuality "1"]

1. e4 e5 2. Nf3 Nc6 3. Bb5 Qe7 4. 0-0 Nd4 5. Nxd4 exd4 6. c3 Qe5 7. Qe2 Bd6 8. f4 Qc5 9. e5 d3+ 10. Qe3 Qxb5 11. exd6+ Kd8 12. Na3 Qb6 13. Qxb6 axb6 14. Rf3 cxd6 15. Rxd3 Ra4 16. Rf3 Nf6 17. d3 d5 18. Be3 Kc7 19. Bd4 Re8 20. Be5+ d6 21. Nb5+ Kc6 22. Nxd6 Bg4 23. Nxe8 Bxf3 24. Nxf6 gxf6 25. gxf3 fxe5 26. fxe5 Rf4 27. Kg2 d4 28. Kg3 Rf5 29. f4 h5 30. c4 Kc5 31. a3 b5 32. b4+ Kc6 33. Kf3 bxc4 34. Ke4 cxd3 35. Rc1+ Kb5 36. Kxf5 Ka4 37. Rc4 Kb3 38. Rxd4 Kc2 39. Kf6 d2 40. Kxf7 d1Q 41. Rxd1 Kxd1 42. e6 1-0

[Event "Leiden SB-chB"]
[Site "Leiden"]
[Date "2004.05.19"]
[Round "1"]
[White "De Waard, Ad"]
[Black "Huizer, Olivier"]
[Result "1/2-1/2"]
[WhiteElo "1387"]
[BlackElo "1677"]
[PlyCount "41"]
[EventDate "2004.05.19"]
[EventType "swiss"]
[EventRounds "7"]
[EventCountry "NED"]
[SourceTitle "EXT 2012"]
[Source "ChessBase"]
[SourceDate "2011.11.24"]
[SourceVersion "1"]
[SourceVersionDate "2011.11.24"]
[SourceQuality "1"]

1. e4 e5 2. Nf3 Nc6 3. Bc4 Bc5 4. b4 Bxb4 5. c3 Be7 6. d4 d6 7. dxe5 Nxe5 8. Nxe5 dxe5 9. Qh5 g6 10. Qxe5 Nf6 11. Bh6 Be6 12. Bxe6 fxe6 13. Qxe6 Qd3 14. Nd2 Rd8 15. Rd1 Rd6 16. Qc8+ Kf7 17. Qxh8 Rd8 18. Qg7+ Ke6 19. f4 Qe3+ 20. Kf1 Qd3+ 21. Ke1 1/2-1/2

[Event "Leiden SB-ch"]
[Site "Leiden"]
[Date "2003.06.24"]
[Round "6"]
[White "Oosterom, Erik"]
[Black "Huizer, Olivier"]
[Result "1-0"]
[WhiteElo "2124"]
[BlackElo "1606"]
[PlyCount "31"]
[EventDate "2003.05.20"]
[EventType "swiss"]
[EventRounds "7"]
[EventCountry "NED"]
[SourceTitle "CBM 095 Extra"]
[Source "ChessBase"]
[SourceDate "2003.09.04"]
[SourceVersion "1"]
[SourceVersionDate "2003.09.04"]
[SourceQuality "1"]

1. d4 Nf6 2. c4 d6 3. Nc3 g6 4. e4 Bg7 5. Nf3 Bg4 6. Be3 Nbd7 7. Be2 0-0 8. h3 Bxf3 9. Bxf3 Rc8 10. 0-0 c5 11. d5 Nb6 12. b3 Nfxd5 13. Nxd5 Nxd5 14. exd5 Bxa1 15. Qxa1 Qa5 16. Bh6 1-0

[Event "Leiden SB-ch"]
[Site "Leiden"]
[Date "2003.06.03"]
[Round "3"]
[White "Huizer, Olivier"]
[Black "Frijling, Jeroen"]
[Result "1/2-1/2"]
[WhiteElo "1606"]
[BlackElo "1759"]
[PlyCount "89"]
[EventDate "2003.05.20"]
[EventType "swiss"]
[EventRounds "7"]
[EventCountry "NED"]
[SourceTitle "CBM 095 Extra"]
[Source "ChessBase"]
[SourceDate "2003.09.04"]
[SourceVersion "1"]
[SourceVersionDate "2003.09.04"]
[SourceQuality "1"]

1. e4 c5 2. Nf3 Nc6 3. Nc3 e5 4. Bc4 Be7 5. 0-0 Nf6 6. d3 0-0 7. Ng5 h6 8. Nf3 d6 9. h3 Be6 10. Be3 Nd4 11. Kh2 Rb8 12. Qd2 Kh7 13. Ng1 b5 14. Bxe6 Nxe6 15. f4 exf4 16. Bxf4 Nxf4 17. Qxf4 b4 18. Nd5 Nxd5 19. Qf5+ Kg8 20. Qxd5 Bf6 21. Rab1 Qe7 22. Nf3 Qe6 23. Qxe6 fxe6 24. e5 dxe5 25. Nd2 Rbc8 26. Nc4 Rfd8 27. Rbe1 Rd5 28. Re4 Rc6 29. Rb1 Rd4 30. Rbe1 Rxe4 31. Rxe4 Ra6 32. a3 bxa3 33. Nxa3 Kf7 34. Nc4 Ke7 35. Kg3 Ra2 36. Kf3 Bg5 37. Rxe5 Bf6 38. Rxc5 Bxb2 39. Nxb2 Rxb2 40. Rc7+ Kf6 41. c4 a5 42. Ra7 Ra2 43. c5 a4 44. c6 Rc2 45. Rxa4 1/2-1/2

[Event "Leiden SB-ch"]
[Site "Leiden"]
[Date "2002.06.18"]
[Round "5"]
[White "Molsbergen, Chris"]
[Black "Huizer, Olivier"]
[Result "1/2-1/2"]
[WhiteElo "1466"]
[BlackElo "1500"]
[PlyCount "55"]
[EventDate "2002.05.21"]
[EventType "swiss"]
[EventRounds "7"]
[EventCountry "NED"]
[SourceTitle "EXT 2003"]
[Source "ChessBase"]
[SourceDate "2002.11.25"]
[SourceVersion "1"]
[SourceVersionDate "2002.11.25"]
[SourceQuality "1"]

1. e4 e5 2. Bc4 Nf6 3. d3 Nc6 4. Nf3 Be7 5. 0-0 d6 6. a3 Bg4 7. Nbd2 Qd7 8. b4 0-0 9. Bb2 Be6 10. Re1 Rad8 11. Ng5 Bxc4 12. Nxc4 Ng4 13. Nf3 b5 14. Ne3 Nxe3 15. Rxe3 f5 16. exf5 Qxf5 17. Qe2 Rf7 18. d4 exd4 19. Bxd4 Qg4 20. h3 Nxd4 21. hxg4 Nxe2+ 22. Rxe2 Bf6 23. Rae1 h6 24. Re4 Rdd7 25. Nd4 Bxd4 26. Rxd4 Rde7 27. Rde4 Kf8 28. Kf1 1/2-1/2